000 00657nam a2200253Ia 4500
005 20260121114345.0
008 008 260114s9999 xx 000 0 eng d
020 _a9783433603185
037 _aEBOOK
040 _aCRL
040 _beng
040 _cCRL
041 _2eng
041 _aeng
084 _qCRL
100 _aUlrike Kuhlmann
_9974000
245 0 _aStahlbau-Kalender 2013 - Eurocode 3 - Anwendungsnormen, Stahl im Industrie- und Anlagenbau
260 _bWiley
260 _c2018
856 _uhttps://onlinelibrary.wiley.com/doi/book/10.1002/9783433603185
942 _cEBOOK
999 _c1553254
_d1553254